00692nam a2200181 a 450000100100000000500170001000800410002704000250006808200150009311000330010824500780014126000530021930000220027259000270029465000590032195201130038099900170049300004814620201002060941.0181121s2002 dr 000 0 spa d aDO-SdBNPbspacBNPHU axxxbR423c1 aRepública Dominicana.944710aCompilación de la legislación electoral de la República Dominicana. aSanto Domingo :bJunta Central Electoral,c2002. a274p. : ;c22 cm. aInventariado, 2018/MFF 4aEleccionesxLegislaciónzRepública Dominicana9412 0010718PDaPDbPDcHDd2018-11-21iLF1l0oxxx R423cp48146-10r2020-06-25w2020-06-25yLFPDZNo se presta c47634d47634